[Event "Anogia op 1st"]
[Site "Anogia"]
[Date "2012.07.31"]
[Round "3"]
[White "Papadogiannis, Sevastianos"]
[Black "Apergis, Christos"]
[Result "1-0"]
[WhiteElo "2031"]
[BlackElo "1865"]
[PlyCount "53"]
[EventDate "2012.07.30"]
[EventType "swiss"]
[EventRounds "7"]
[EventCountry "GRE"]
[SourceTitle "EXT 2013"]
[Source "ChessBase"]
[SourceDate "2012.11.22"]
[SourceVersion "1"]
[SourceVersionDate "2012.11.22"]
[SourceQuality "1"]

1. e4 c6 2. Nc3 d5 3. Nf3 Bg4 4. h3 dxe4 5. Nxe4 Bf5 6. Ng3 Bg6 7. h4 h6 8. Ne5 Qd6 9. d4 Nf6 10. Nxg6 fxg6 11. Bd3 Nd5 12. Qg4 Nd7 13. Qxg6+ Kd8 14. Qxd6 exd6 15. Bd2 Kc7 16. 0-0-0 N7f6 17. c4 Nb6 18. Rde1 d5 19. c5 Nbd7 20. b4 b6 21. Ba6 bxc5 22. bxc5 Bxc5 23. dxc5 Nxc5 24. Bf1 Rhe8 25. f3 Nfd7 26. Nf5 Ne5 27. Bf4 1-0